| 000 | 00731nam a22002417a 4500 | ||
|---|---|---|---|
| 003 | OSt | ||
| 005 | 20141027154000.0 | ||
| 008 | 141013b xxu||||| |||| 00| 0 eng d | ||
| 020 | _a970-686-014-2 | ||
| 040 | _cBMC | ||
| 082 | _a658.15 | ||
| 082 | _a332.068 | ||
| 100 | 1 |
_926493 _aMadura, Jeff |
|
| 245 | 1 |
_aAdministración financiera internacional _cJeff Madura ; traducción, Julio Silverio Coro Pando |
|
| 250 | _a6ª ed | ||
| 260 |
_aMéxico D.F. [etc.] _bThomson _ccop. 2001 |
||
| 300 |
_aXXV, 660 p. _c26 cm |
||
| 595 | _aTraducción de: International Financial Management | ||
| 650 | 2 | 4 |
_95713 _aEmpresas _xFinanzas |
| 650 | 2 | 4 |
_96088 _aDirección financiera |
| 700 | 1 |
_95586 _aCoro Pando, Julio |
|
| 942 |
_2ddc _cBK |
||
| 999 |
_c14586 _d14586 |
||